La resurrección del rentista /
Sábháilte in:
| Príomhchruthaitheoir: | |
|---|---|
| Formáid: | Téacs |
| Ábhair: | |
| Clibeanna: |
Cuir clib leis
Níl clibeanna ann, Bí ar an gcéad duine le clib a chur leis an taifead seo!
|
MARC
| LEADER | 00000 a a2200000 04500 | ||
|---|---|---|---|
| 001 | 10107 | ||
| 003 | |||
| 040 | |||
| 100 | |a Pollin, Robert | ||
| 245 | |a La resurrección del rentista / |c Robert Pollin | ||
| 650 | |a CAPITALISMO | ||
| 650 | |a ECONOMIA | ||
| 650 | |a EMPLEO | ||
| 650 | |a MERCADO MONETARIO | ||
| 650 | |a CHINA | ||
| 773 | |g número 46; páginas 131-146 | ||
| 999 | |c 27661 |d 27661 | ||
